<?xml version="1.0" encoding="UTF-8"?>
<record
    xmlns:xsi="http://www.w3.org/2001/XMLSchema-instance"
    xsi:schemaLocation="http://www.loc.gov/MARC21/slim http://www.loc.gov/standards/marcxml/schema/MARC21slim.xsd"
    xmlns="http://www.loc.gov/MARC21/slim">

  <leader>02257nam a2200421 c 4500</leader>
  <controlfield tag="001">58969</controlfield>
  <controlfield tag="003">CO-BoRNBP</controlfield>
  <controlfield tag="005">20250901154304.0</controlfield>
  <controlfield tag="007">ta</controlfield>
  <controlfield tag="008">210820r20182019ck     er     000 0dspa d</controlfield>
  <datafield tag="020" ind1=" " ind2=" ">
    <subfield code="a">9584260545</subfield>
  </datafield>
  <datafield tag="020" ind1=" " ind2=" ">
    <subfield code="a">9789584260543</subfield>
  </datafield>
  <datafield tag="040" ind1=" " ind2=" ">
    <subfield code="a">CO-BoRNBP</subfield>
    <subfield code="b">spa</subfield>
    <subfield code="e">rda</subfield>
    <subfield code="c">CO-BoRNBP</subfield>
  </datafield>
  <datafield tag="041" ind1="1" ind2=" ">
    <subfield code="a">spa</subfield>
    <subfield code="h">eng</subfield>
  </datafield>
  <datafield tag="082" ind1="0" ind2="4">
    <subfield code="a">338.064</subfield>
    <subfield code="b">A82r</subfield>
    <subfield code="2">22</subfield>
  </datafield>
  <datafield tag="100" ind1=" " ind2=" ">
    <subfield code="a">Avent, Ryan</subfield>
    <subfield code="e">aut</subfield>
    <subfield code="9">64499</subfield>
  </datafield>
  <datafield tag="245" ind1="1" ind2="3">
    <subfield code="a">La riqueza de los humanos :</subfield>
    <subfield code="b">el trabajo en el siglo XXI /</subfield>
    <subfield code="c">Ryan Avent ; traducci&#xF3;n de Gemma Deza Guil.</subfield>
  </datafield>
  <datafield tag="250" ind1=" " ind2=" ">
    <subfield code="a">Segunda edici&#xF3;n</subfield>
  </datafield>
  <datafield tag="264" ind1=" " ind2="1">
    <subfield code="a">Bogot&#xE1;, Colombia :</subfield>
    <subfield code="b">Ariel,</subfield>
    <subfield code="c">2019</subfield>
  </datafield>
  <datafield tag="300" ind1=" " ind2=" ">
    <subfield code="a">379 p&#xE1;ginas</subfield>
  </datafield>
  <datafield tag="336" ind1=" " ind2=" ">
    <subfield code="a">texto</subfield>
    <subfield code="b">txt</subfield>
    <subfield code="2">rdacontent</subfield>
  </datafield>
  <datafield tag="337" ind1=" " ind2=" ">
    <subfield code="a">sin mediaci&#xF3;n</subfield>
    <subfield code="b">n</subfield>
    <subfield code="2">rdamedia</subfield>
  </datafield>
  <datafield tag="338" ind1=" " ind2=" ">
    <subfield code="a">volumen</subfield>
    <subfield code="b">nc</subfield>
    <subfield code="2">rdacarrier</subfield>
  </datafield>
  <datafield tag="490" ind1=" " ind2=" ">
    <subfield code="a">Ariel</subfield>
  </datafield>
  <datafield tag="500" ind1=" " ind2=" ">
    <subfield code="a">El material correspondiente a la dotaci&#xF3;n PNLB 2022, la fecha de reimpresi&#xF3;n es 2019</subfield>
  </datafield>
  <datafield tag="500" ind1=" " ind2=" ">
    <subfield code="a">Incluye &#xED;ndice tem&#xE1;tico</subfield>
  </datafield>
  <datafield tag="520" ind1=" " ind2=" ">
    <subfield code="a">En un futuro pr&#xF3;ximo, incluso las sociedades m&#xE1;s evolucionadas y estables ser&#xE1;n objeto de una fuerte convulsi&#xF3;n. Los cambios que se esperan originar&#xE1;n con ictos sociales y un resquebrajamiento de los pilares sobre los que se ha fundamentado el Estado moderno. Asimismo, los Estados cuentan con herramientas cada vez m&#xE1;s avanzadas para el control ciudadano. Avent, especialista en historia econ&#xF3;mica y uno de los m&#xE1;s c&#xE9;lebres periodistas econ&#xF3;micos del mundo, nos desgrana en este libro los cambios m&#xE1;s significativos que experimentar&#xE1; el trabajo en el siglo XXI y apunta que lo que se requiere no es tanto una adaptaci&#xF3;n, sino un completo cambio de paradigma que reduzca los efectos que el impacto de la innovaci&#xF3;n va a tener en nuestras vidas</subfield>
  </datafield>
  <datafield tag="521" ind1=" " ind2=" ">
    <subfield code="a">Recomendado para un p&#xFA;blico adulto</subfield>
  </datafield>
  <datafield tag="534" ind1=" " ind2=" ">
    <subfield code="t">The wealth of Humans</subfield>
  </datafield>
  <datafield tag="545" ind1=" " ind2=" ">
    <subfield code="a">Incluye datos biogr&#xE1;ficos del autor en la solapa</subfield>
  </datafield>
  <datafield tag="650" ind1="0" ind2="7">
    <subfield code="a">Historia econ&#xF3;mica</subfield>
    <subfield code="2">lemb</subfield>
    <subfield code="9">19180</subfield>
  </datafield>
  <datafield tag="650" ind1="0" ind2="7">
    <subfield code="a">Industrializaci&#xF3;n</subfield>
    <subfield code="x">Historia</subfield>
    <subfield code="2">lemb</subfield>
    <subfield code="9">64500</subfield>
  </datafield>
  <datafield tag="650" ind1="0" ind2="7">
    <subfield code="a">Innovaciones tecnol&#xF3;gicas</subfield>
    <subfield code="x">Aspectos econ&#xF3;micos</subfield>
    <subfield code="2">LEMB</subfield>
    <subfield code="9">64501</subfield>
  </datafield>
  <datafield tag="650" ind1="0" ind2="7">
    <subfield code="a">Innovaciones tecnol&#xF3;gicas</subfield>
    <subfield code="x">Aspectos sociales</subfield>
    <subfield code="2">LEMB</subfield>
    <subfield code="9">64502</subfield>
  </datafield>
  <datafield tag="650" ind1="0" ind2="7">
    <subfield code="a">Tecnolog&#xED;a de la informaci&#xF3;n</subfield>
    <subfield code="x">Aspectos econ&#xF3;micos</subfield>
    <subfield code="2">LEMB</subfield>
    <subfield code="9">64503</subfield>
  </datafield>
  <datafield tag="700" ind1=" " ind2=" ">
    <subfield code="a">Deza Guil, Gemma</subfield>
    <subfield code="e">trl</subfield>
    <subfield code="9">59925</subfield>
  </datafield>
  <datafield tag="942" ind1=" " ind2=" ">
    <subfield code="2">ddc</subfield>
    <subfield code="c">BK</subfield>
  </datafield>
  <datafield tag="999" ind1=" " ind2=" ">
    <subfield code="c">58969</subfield>
    <subfield code="d">58969</subfield>
  </datafield>
  <datafield tag="952" ind1=" " ind2=" ">
    <subfield code="0">0</subfield>
    <subfield code="1">0</subfield>
    <subfield code="2">ddc</subfield>
    <subfield code="4">0</subfield>
    <subfield code="7">0</subfield>
    <subfield code="8">GEN</subfield>
    <subfield code="a">MEMAPJGA</subfield>
    <subfield code="b">MEMAPJGA</subfield>
    <subfield code="c">GEN</subfield>
    <subfield code="d">2025-09-01</subfield>
    <subfield code="l">0</subfield>
    <subfield code="o">338.064 A82r</subfield>
    <subfield code="p">MPJG00681</subfield>
    <subfield code="r">2025-09-01 15:43:26</subfield>
    <subfield code="t">Ej.1</subfield>
    <subfield code="w">2025-09-01</subfield>
    <subfield code="y">BK</subfield>
  </datafield>
</record>
